Central Library OPAC University of Rajshahi

Endurance Pattern of the Riverbank Erosion displacees in riverine Bangladesh: (Record no. 75364)

MARC details
000 -LEADER
fixed length control field 01155ntm a2200289 a 4500
001 - CONTROL NUMBER
control field 75364
003 - CONTROL NUMBER IDENTIFIER
rucl marc code BD-RjUL
005 - DATE AND TIME OF LATEST TRANSACTION
control field 20211209082658.0
008 - FIXED-LENGTH DATA ELEMENTS--GENERAL INFORMATION
fixed length control field 190324s2017 bg a|||| m||| 00| 0 eng d
035 ## - SYSTEM CONTROL NUMBER
System control number (BD-RjUL)75582
040 ## - CATALOGING SOURCE
Original cataloging agency BD-RjUL
Language of cataloging eng
Transcribing agency BD-RjUL
Modifying agency BD-RjUL
041 ## - LANGUAGE CODE
Language code of text/sound track or separate title eng
082 ## - DEWEY DECIMAL CLASSIFICATION NUMBER
Edition number 23
Classification number 362.87095492
Author mark and year ISE 2017
100 1# - MAIN ENTRY--PERSONAL NAME
Personal name Islam, Md. Tariqul
9 (RLIN) 229612
245 10 - TITLE STATEMENT
Title Endurance Pattern of the Riverbank Erosion displacees in riverine Bangladesh:
Remainder of title a study of two Coastal Villages /
Statement of responsibility, etc. Md. Tariqul Islam
Linkage Suvervisor : M. Zulfiquar Ali Islam
260 ## - PUBLICATION, DISTRIBUTION, ETC. (IMPRINT)
Place of publication, distribution, etc. Rajshahi:
Name of publisher, distributor, etc. Institute of Bangladesh Studies, R. U.
Date of publication, distribution, etc. 2017
300 ## - PHYSICAL DESCRIPTION
Pagination xvi, 259 leaves:
Illustrations Ill. (Some Col.);
Size 29cm.
502 ## - DISSERTATION NOTE
Dissertation note Thesis (Ph.D.) --Institute of Bangladesh Studies, R. U., 2017
504 ## - BIBLIOGRAPHY, ETC. NOTE
Bibliography, etc Includes bibliographical references.
650 ## - SUBJECT ADDED ENTRY--TOPICAL TERM
Topical term or geographic name as entry element Migration, Internal
Geographic subdivision Bangladesh
9 (RLIN) 229613
Topical term or geographic name as entry element Rural population
Geographic subdivision Bangladesh.
9 (RLIN) 229614
Topical term or geographic name as entry element Rural poor
Geographic subdivision Bangladesh.
9 (RLIN) 229615
Topical term or geographic name as entry element Rural-urban migration
9 (RLIN) 229617
Geographic subdivision Bangladesh.
Topical term or geographic name as entry element Erosion
9 (RLIN) 229618
700 ## - ADDED ENTRY--PERSONAL NAME
Personal name Islam, M. Zulfiquar Ali, Suvervisor
942 ## - ADDED ENTRY ELEMENTS (KOHA)
Source of classification or shelving scheme Dewey Decimal Classification
Koha item type Theses
Holdings
Lost status Source of classification or shelving scheme Damaged status Not for loan Collection code Permanent Location Current Location Shelving location Date acquired Total Checkouts Full call number Date last seen Copy number Koha item type
  Dewey Decimal Classification   Not For Loan Theses Central Library, University of Rajshahi Central Library, University of Rajshahi Documentation Section 24/03/2019   THE 362.87095492 ISE 2017 24/03/2019 C-1 Theses